|
|
|
|
| LEADER |
00000nam0a2200000 4500 |
| 001 |
118259 |
| 005 |
20231101215447.0 |
| 010 |
|
|
|a 7108022249
|
| 035 |
|
|
|a (RuTPU)RU\TPU\book\127977
|
| 090 |
|
|
|a 118259
|
| 100 |
|
|
|a 20070609d2005 m y0rusy50 ca
|
| 101 |
0 |
|
|a chi
|
| 102 |
|
|
|a CN
|
| 105 |
|
|
|a y z 000zy
|
| 200 |
1 |
|
|a Пекин
|h Т. 1
|f Цзин Дэмин
|
| 210 |
|
|
|a Пекин
|c Пекинская библиотека
|d 2005
|
| 215 |
|
|
|a 368 с.
|
| 225 |
1 |
|
|a Библиотека Китая
|
| 300 |
|
|
|a Книга на китайском языке.
|
| 606 |
1 |
|
|a Китай
|x География
|2 stltpush
|3 (RuTPU)RU\TPU\subj\70393
|9 84671
|
| 606 |
1 |
|
|a Китай
|x История
|2 stltpush
|3 (RuTPU)RU\TPU\subj\68362
|9 83751
|
| 610 |
1 |
|
|a Пекин
|
| 610 |
1 |
|
|a история
|
| 610 |
1 |
|
|a география
|
| 610 |
1 |
|
|a столицы мира
|
| 610 |
1 |
|
|a Китайская Народная Республика
|
| 610 |
1 |
|
|a КНР
|
| 675 |
|
|
|a 91(51)
|v 3
|
| 686 |
|
|
|a Т3(5кит)
|v LBC/SL-A
|2 rubbk
|
| 700 |
|
0 |
|a Цзин Дэмин
|
| 801 |
|
1 |
|a RU
|b 63413507
|c 20070609
|g PSBO
|
| 801 |
|
2 |
|a RU
|b 63413507
|c 20220617
|g PSBO
|
| 942 |
|
|
|c BK
|